Online Catalogue and eLibrary

Waging change (Record no. 2690)

MARC details
000 -LEADER
fixed length control field 00398nam a2200169Ia 4500
005 - DATE AND TIME OF LATEST TRANSACTION
control field 20240513021509.0
008 - FIXED-LENGTH DATA ELEMENTS--GENERAL INFORMATION
fixed length control field 240331s9999 xx 000 0 und d
020 ## - INTERNATIONAL STANDARD BOOK NUMBER
ISBN 8185107114
082 ## - DDC Classification
Item Number - Author Mark DAT
Class No. 331.4
100 ## - MAIN ENTRY--PERSONAL NAME
Personal name Datar, Chhaya
245 #0 - TITLE STATEMENT
Title Waging change
Statement of responsibility, etc. Chhaya, Datar
250 ## - EDITION STATEMENT
Edition statement 1 st
260 ## - PUBLICATION, DISTRIBUTION, ETC.
Place of publication, distribution, etc. New Delhi
Name of publisher, distributor, etc. Kali for women
Date of publication, distribution, etc. 1989
300 ## - PHYSICAL DESCRIPTION
Extent (e.g. Volumes, Pages etc.) 163 p .,
650 ## - SUBJECT ADDED ENTRY--TOPICAL TERM
Topical term or geographic name entry element Women
942 ## - Koha item type (Biblio)
Koha item type Books in Stacks (Lending)
Holdings
Lost status Damaged status Collection code Home library Current library Shelving location Date acquired Full call number Accession Number Item type
    Lending WERC Library WERC Library Social Science Cupboard 03/31/2024 331.4 DAT 575 Books in Stacks (Lending)

© WERC Library